प्रेमचन्द का अप्राप्य साहित्य (Record no. 1490749)

MARC details
000 -LEADER
fixed length control field 01124 a2200217 4500
005 - DATE AND TIME OF LATEST TRANSACTION
control field 20260129150745.0
008 - FIXED-LENGTH DATA ELEMENTS--GENERAL INFORMATION
fixed length control field 260129b |||||||| |||| 00| 0 eng d
020 ## - INTERNATIONAL STANDARD BOOK NUMBER
International Standard Book Number 9789352295128 (खण्ड 1) (hbk)
037 ## - SOURCE OF ACQUISITION
Terms of availability REF
040 ## - CATALOGING SOURCE
Original cataloging agency CRL
Transcribing agency CRL
041 ## - LANGUAGE CODE
Source of code hin
Language code of text/sound track or separate title hin
084 ## - COLON CLASSIFICATION NUMBER
Classification number O152,3M80:g Q6.1-.2 (RR)
Assigning agency CRL
245 ## - TITLE STATEMENT
Title प्रेमचन्द का अप्राप्य साहित्य
260 ## - PUBLICATION, DISTRIBUTION, ETC.
Name of publisher, distributor, etc. वाणी प्रकाशन,
Date of publication, distribution, etc. 2016.
Place of publication, distribution, etc. नयी दिल्ली, भारत:
300 ## - PHYSICAL DESCRIPTION
Extent खण्ड 1 (1-703पृ.), खण्ड 2 (1-648पृ.)
365 ## - TRADE PRICE
Price amount 4000.00
Currency code INR
650 ## - SUBJECT ADDED ENTRY--TOPICAL TERM
Topical term or geographic name entry element हिन्दी साहित्य
9 (RLIN) 1112747
700 ## - ADDED ENTRY--PERSONAL NAME
Personal name गोयनका, कमल किशोर
Relator term सम्पादक
9 (RLIN) 1112748
942 ## - ADDED ENTRY ELEMENTS (KOHA)
Koha item type Reference
Source of classification or shelving scheme Colon Classification (CC)
Suppress in OPAC No
Classification part O152,3M80:g Q6.1-.2 (RR)
Holdings
Withdrawn status Lost status Source of classification or shelving scheme Damaged status Not for loan Home library Current library Date acquired Source of acquisition Cost, normal purchase price Serial Enumeration / chronology Inventory number Total Checkouts Full call number Barcode Date last seen Cost, replacement price Price effective from Koha item type
    Colon Classification (CC)   Not For Loan Central Library Central Library 2026-01-20 117/ एकेडमिक पब्लिकेशन्स 2000.00 खण्ड 1 IN-00100 & 2026-01-17   O152,3M80:g Q6.1 CL1925491 2026-01-20 4000.00 2026-01-20 Reference
    Colon Classification (CC)   Not For Loan Central Library Central Library 2026-01-16 117/ एकेडमिक पब्लिकेशन्स 2000.00 खण्ड 2 IN-00100 & 2026-01-17   O152,3M80:g Q6.2 CL1925492 2026-01-16 4000.00 2026-01-16 Reference
Copyright @ Delhi University Library System